[Event "FSIMB February"]
[Site "Budapest HUN"]
[Date "2006.02.12"]
[Round "9"]
[White "Duong The Anh"]
[Black "Fodor,T jr"]
[Result "0-1"]
[WhiteElo "2287"]
[BlackElo "2302"]

1.Nf3 Nf6 2.c4 c5 3.Nc3 e6 4.d4 cxd4 5.Nxd4 a6 6.e3 Be7 7.Be2 O-O 8.O-O Qc7
9.Qc2 d6 10.b3 Nbd7 11.Rd1 b6 12.Bb2 Bb7 13.Rac1 Rac8 14.Qb1 Qb8 15.Qa1 Rfd8
16.Bf1 Bf8 17.Rd2 Qa8 18.Rcd1 Nc5 19.f3 Ncd7 20.Nde2 Bc6 21.Nd4 Bb7 22.Kh1 Qb8
23.e4 Qa8 24.Be2 Ne8 25.Rc2 Be7 26.Qc1 Bf6 27.Bf1 Qb8 28.Ba3 Ne5 29.Qe3 Ba8
30.Qf2 Ng6 31.Na4 Qc7 32.Rcc1 Bg5 33.Rb1 Rb8 34.Bc1 Bxc1 35.Rbxc1 Nf6 36.Re1 Bc6
37.Nxc6 Qxc6 38.g3 Ne5 39.Qe3 Ned7 40.Bg2 Nc5 41.Nc3 Qc7 42.Red1 Qe7 43.f4 h6
44.Ne2 e5 45.f5 Ng4 46.Qg1 Qg5 47.Rc3 h5 48.h3 Nf6 49.Re3 b5 50.cxb5 axb5
51.Nc3 h4 52.g4 b4 53.Nd5 Nxd5 54.Rxd5 Rb6 55.Re2 Ra8 56.Qf2 Rba6 57.Rc2 Qh6
58.Rdd2 Kh7 59.Rc4 Rb6 60.Bf1 Qg5 61.Qe1 Kg8 62.Rf2 Rd8 63.Kg2 Qh6 64.Rcc2 Qg5
65.Bc4 Kh8 66.Rcd2 Kg8 67.Bd5 Rc8 68.Qe2 Rc7 69.Rc2 Kh7 70.Kf1 Rb8 71.Rc4 Rbc8
72.Rxb4 Nd3 73.Qxd3 Qc1+ 74.Kg2 Rc3 75.Qf1 Qe3 76.Rc4 R8xc4 77.bxc4 Qxh3+
78.Kg1 Qe3 79.Kh2 h3 80.a4 Kh6 81.g5+ Kxg5 82.Qg1+ Kh4 83.Rf1 Rc2+ 84.Kh1 Qe2
85.f6 Qg2+ 86.Qxg2 hxg2+ 87.Kg1 gxf1=Q+ 88.Kxf1 g5 89.a5 g4 90.Bxf7 g3  0-1

[Event "TCh-HUN 2005-6"]
[Site "Hungary HUN"]
[Date "2006.02.12"]
[Round "7"]
[White "Rachela,M"]
[Black "Almasi,I"]
[Result "1/2-1/2"]
[WhiteElo "2315"]
[BlackElo "2440"]

1.Nf3 c5 2.c4 Nf6 3.Nc3 d5 4.cxd5 Nxd5 5.d4 e6 6.e4 Nxc3 7.bxc3 cxd4 8.cxd4 Bb4+
9.Bd2 Bxd2+ 10.Qxd2 O-O 11.Bc4 b6 12.O-O Bb7 13.Qf4 Nc6 14.Rad1 Qf6 15.Qe3 Rac8
16.Bb3 Na5 17.Ne5 Qe7 18.Rc1 Nxb3 19.axb3 Qb4 20.h3 Rfd8 21.Rxc8 Rxc8 22.Rc1 Rxc1+
23.Qxc1 Bxe4 24.Qc7 h6 25.Qxf7+ Kh8 26.Nd7 Bh7 27.Qe8+ Bg8 28.Ne5 Qe1+ 29.Kh2 Qxf2
30.Ng6+ Kh7 31.Nf8+ Kh8 32.Ng6+  1/2-1/2

[Event "2nd Bundesliga Ost 2005-6"]
[Site "Austria AUT"]
[Date "2006.02.25"]
[Round "8"]
[White "Lipka,J"]
[Black "Weissenbeck,M"]
[Result "1-0"]
[WhiteElo "2395"]
[BlackElo "2278"]

1.Nf3 Nf6 2.c4 c5 3.Nc3 g6 4.e4 d6 5.d4 cxd4 6.Nxd4 Bg7 7.Be2 O-O 8.O-O Nc6
9.Be3 Bd7 10.Qd2 Nxd4 11.Bxd4 Bc6 12.f3 b6 13.Rac1 Rc8 14.b3 Qd7 15.Nd5 Ne8
16.Be3 e6 17.Nc3 f5 18.exf5 gxf5 19.Rfd1 Be5 20.f4 Qg7 21.Bf1 Bf6 22.Ne2 Rd8
23.Nd4 Bxd4 24.Bxd4 Nf6 25.Rc3 Kf7 26.Rd3 d5 27.cxd5 Bxd5 28.Rc1 Rd7 29.Rg3 Qh6
30.Bb5 Re7 31.Rh3 Qg6 32.Bxf6 Kxf6 33.Rcc3 h6 34.Rcg3 Qh7 35.Be2 Rg8 36.Qd4+ Kf7
37.Bh5+ Kf8 38.Qf6+  1-0

[Event "13th Open Metalis"]
[Site "Bizovac CRO"]
[Date "2006.02.25"]
[Round "6"]
[White "Ramesa,D"]
[Black "Feletar,D"]
[Result "0-1"]
[WhiteElo "2261"]
[BlackElo "2395"]

1.c4 c5 2.Nf3 Nf6 3.Nc3 g6 4.e4 Bg7 5.d4 O-O 6.Be2 d6 7.O-O cxd4 8.Nxd4 Nc6
9.Be3 Bd7 10.Qd2 Nxd4 11.Bxd4 Bc6 12.f3 a5 13.Rab1 Nd7 14.Be3 Nc5 15.b3 Qb6
16.Rfc1 Rfc8 17.Rc2 Qd8 18.a3 h5 19.b4 axb4 20.axb4 Na4 21.Nd5 e6 22.Nf4 Qe7
23.Bf1 Be8 24.Rbc1 Rd8 25.Ne2 Kh7 26.Nd4 Nc5 27.Rd1 Ba4 28.Rb1 Bxc2 29.Nxc2 Nd7
30.f4 Ra2 31.Bd3 Rc8 32.Rf1 f5 33.Qd1 Nf6 34.exf5 exf5 35.Bb6 Re8 36.Qb1 Raa8
37.Ne3 Ra6 38.Bxf5 gxf5 39.Nxf5 Qe4 40.Nxd6 Qxb1 41.Rxb1 Rxb6 42.Nxe8 Nxe8  0-1

[Event "Festival de Meurthe-et-Moselle A"]
[Site "Nancy FRA"]
[Date "2006.02.25"]
[Round "8"]
[White "Adrian,C"]
[Black "Bolzoni,V"]
[Result "1-0"]
[WhiteElo "2278"]
[BlackElo "2222"]

1.Nf3 c5 2.c4 Nf6 3.Nc3 g6 4.d4 cxd4 5.Nxd4 Bg7 6.Nc2 b6 7.e4 Bb7 8.f3 O-O
9.Be2 e6 10.O-O d5 11.cxd5 exd5 12.e5 Nfd7 13.f4 Nc5 14.Bf3 Ne4 15.Ne3 Nxc3
16.bxc3 Nd7 17.c4 Ba6 18.Ba3 Rc8 19.Bxf8 Bxf8 20.Bxd5 Bc5 21.Qf3 Qe7 22.Kh1 Bxe3
23.Qxe3 Bxc4 24.Rfc1 Bxd5 25.Rxc8+ Kg7 26.Qd4 Qe6 27.Rc2 Nc5 28.Rd2 Bb7 29.Re1 h5
30.Qd6 Qf5 31.Qf6+ Qxf6 32.exf6+ Kxf6 33.Kg1 h4 34.Re5 Ne6 35.g3 hxg3 36.hxg3 g5
37.Rd7 Bc6 38.Rd6 Bb7 39.Rxg5 Ke7 40.Rxe6+ Kxe6 41.Kf2 Bd5 42.a3 b5 43.Ke3 f6
44.Rh5 a5 45.Kd4 Bc6 46.Kc5 Be8 47.Rh8 Bd7 48.Ra8 b4 49.axb4 axb4 50.Rb8 Kf5
51.Rxb4 Kg4 52.Kd6 Bc8 53.Rb8 Bf5 54.Rg8+ Kf3 55.Ke7 Bh7 56.Rg7 f5 57.Kf6  1-0

[Event "1st ONGC Cup"]
[Site "Hyderabad IND"]
[Date "2006.03.03"]
[Round "8"]
[White "Kotsur,P"]
[Black "Konguvel,P"]
[Result "1-0"]
[WhiteElo "2570"]
[BlackElo "2400"]

1.c4 Nf6 2.Nc3 c5 3.Nf3 g6 4.d4 cxd4 5.Nxd4 Nc6 6.g3 Bg7 7.Bg2 O-O 8.O-O Ng4
9.e3 d6 10.b3 Nxd4 11.exd4 Nh6 12.Bb2 Nf5 13.Ne2 Rb8 14.a4 a5 15.Qc2 e5 16.Rad1 Qc7
17.dxe5 dxe5 18.Nc3 Nd4 19.Nb5 Nxc2 20.Nxc7 Bf5 21.Rd6 Nd4 22.Rb6 Bc2 23.Nd5 Rfe8
24.Re1 Re6 25.Rxe6 fxe6 26.Nb6 Bxb3 27.Bc3 Rf8 28.Re3 Nf5 29.Re2 Rd8 30.Rb2 Bd1
31.Bxb7 Nd4 32.Kg2 Rb8 33.Be4 Bf8 34.Bxa5 Bc5 35.Rb1 Bxb6 36.Bxb6 Bxa4 37.c5 Rc8
38.Ra1 Bc6 39.Bxc6 Nxc6 40.Kf3 Kf7 41.Ke4 Ke7 42.Rd1 Rb8 43.Rd2 Rb7 44.Rd1 Rb8
45.Bc7 Rb4+ 46.Ke3 Rb3+ 47.Rd3 Rb7 48.Bd6+ Kf6 49.Ra3 Kf5 50.Ra6 Nb4 51.c6 Nd5+
52.Kd2 Rb2+ 53.Kc1 Rb3 54.g4+ Ke4 55.Ra4+ Kd3 56.Bxe5 Ne7 57.c7 Rb6 58.Rd4+ Ke2
59.Rc4 Nc8 60.f4 Kf3 61.g5 Ke2 62.Kc2 Ra6 63.Kc3 Ra8 64.Rb4 Ne7 65.Rb8 Ra3+
66.Kc4 Rh3 67.Re8 Nd5 68.Rxe6 Nxc7 69.Bxc7+ Kf3 70.Kd5 Rxh2 71.Ke5 Kg4 72.Kf6 Rh5
73.Be5 h6 74.Kxg6 hxg5 75.f5  1-0

[Event "70th ch-BUL"]
[Site "Svilengrad BUL"]
[Date "2006.03.06"]
[Round "8"]
[White "Radulski,J"]
[Black "Nikolov,M"]
[Result "1/2-1/2"]
[WhiteElo "2515"]
[BlackElo "2446"]

1.c4 Nf6 2.Nf3 c5 3.Nc3 d5 4.cxd5 Nxd5 5.d4 cxd4 6.Qxd4 Nxc3 7.Qxc3 Nc6 8.e4 e6
9.Bb5 Bd7 10.O-O Qb6 11.a4 Qc5 12.Qd3 Qd6 13.Qe2 a6 14.Rd1 Qc7 15.Bd3 Be7
16.e5 Nb4 17.Bg5 Bc6 18.Bxe7 Qxe7 19.Nd4 Bd5 20.Be4 Rd8 21.Nc2 Bxe4 22.Rxd8+ Qxd8
23.Qxe4 Nxc2 24.Qxc2 O-O 25.Rd1 Qa5 26.Qe4 Rd8 27.Rxd8+ Qxd8 28.h3 Qd7 29.a5 g6
30.b4 Kg7 31.Kh2 Qb5 32.Qd4 Qe2 33.Kg3 Qe1 34.Kf3 Qc1 35.h4 h5 36.Kg3 Qc2
37.f3 Qe2 38.Qe4 Qb5 39.Qd4 Qe2 40.Qc3 Qb5 41.Kf4 b6 42.axb6 Qxb6 43.Kg3 Qg1
44.Qd2 Qf1 45.f4 Qc4 46.Kf2 Qe4 47.Kg1  1/2-1/2

[Event "XXII Open"]
[Site "Reykjavik ISL"]
[Date "2006.03.09"]
[Round "4"]
[White "Gretarsson,Hj"]
[Black "Ptacnikova,L"]
[Result "1/2-1/2"]
[WhiteElo "2046"]
[BlackElo "2204"]

1.Nf3 Nf6 2.c4 c5 3.Nc3 d5 4.cxd5 Nxd5 5.d4 Nxc3 6.bxc3 cxd4 7.cxd4 g6 8.Bf4 Qa5+
9.Qd2 Qxd2+ 10.Kxd2 Bg7 11.e3 O-O 12.Bd3 Nc6 13.Rhc1 Rd8 14.Rab1 f6 15.Ke2 g5
16.Bc7 Rd7 17.Bg3 g4 18.Nh4 e5 19.dxe5 fxe5 20.Rd1 Kh8 21.Bc4 Rc7 22.Bd5 Bd7
23.h3 gxh3 24.gxh3 Rac8 25.Nf3 Bf5 26.Rbc1 Bxh3 27.Bxc6 Bg4 28.Rc4 Bxf3+
29.Kxf3 Rxc6 30.Rxc6 bxc6 31.Rd7 c5 32.Rxa7 c4 33.Ke2 c3 34.Kd1 c2+ 35.Kc1 Kg8
36.Rb7 Bf8 37.Bxe5 Ba3+ 38.Bb2 Bf8 39.Rb5 Rc4 40.Rg5+ Kf7 41.Rf5+ Ke8 42.Rh5 h6
43.Re5+ Kf7 44.Rf5+ Ke8 45.Rd5 Kf7 46.Ra5 Kg6 47.Ra8 Bb4 48.Rg8+ Kf5 49.a3 Be1
50.Rg1 Ba5 51.Rh1 Ke4 52.Rxh6 Kf3 53.Rd6 Kxf2 54.e4 Kf3 55.e5 Be1 56.Rd4 Rxd4
57.Bxd4 Ke4 58.Kxc2 Kxd4  1/2-1/2

[Event "2nd ch-SCG"]
[Site "Pancevo SCG"]
[Date "2006.03.12"]
[Round "13"]
[White "Damljanovic,B"]
[Black "Tadic,B"]
[Result "1-0"]
[WhiteElo "2615"]
[BlackElo "2491"]

1.c4 c5 2.Nf3 Nf6 3.Nc3 e6 4.g3 b6 5.Bg2 Bb7 6.O-O Be7 7.Re1 a6 8.e4 d6 9.d4 cxd4
10.Nxd4 Qc7 11.Be3 Nbd7 12.Rc1 O-O 13.f4 Rfe8 14.g4 Nc5 15.Bf2 g6 16.b4 Rad8
17.Bf3 h6 18.f5 e5 19.Nc2 Ncd7 20.Ne3 Rc8 21.Qd3 Qd8 22.Kg2 Nh7 23.Rh1 Ng5
24.h4 Nxf3 25.Kxf3 Nf6 26.Ned5 b5 27.Nxf6+ Bxf6 28.Nd5 bxc4 29.Rxc4 Rxc4
30.Qxc4 Kg7 31.a4 h5 32.g5 Bxg5 33.hxg5 Qxg5 34.Rg1 Bxd5 35.Qxd5 Qf4+ 36.Ke2 Rc8
37.Qd3 d5 38.fxg6 fxg6 39.exd5 e4 40.Qg3 Rc2+ 41.Kf1 Qf5 42.d6 h4 43.Qxg6+ Qxg6
44.Bd4+ Kf7 45.Rxg6  1-0

[Event "ch-BLR"]
[Site "Minsk BLR"]
[Date "2006.03.13"]
[Round "10"]
[White "Smirnov,Va"]
[Black "Kasparov,S"]
[Result "1/2-1/2"]
[WhiteElo "2403"]
[BlackElo "2491"]

1.Nf3 Nf6 2.c4 c5 3.Nc3 e6 4.e3 Be7 5.d4 d6 6.Bd3 Nbd7 7.O-O O-O 8.b3 b6
9.Bb2 Bb7 10.d5 e5 11.Nd2 Ne8 12.f4 exf4 13.exf4 f5 14.Qc2 g6 15.Rae1 Ng7
16.Nf3 a6 17.a4 Bf6 18.g3 Qc7 19.h3 h5 20.Kg2 Rae8 21.Nh2 Qd8 22.g4 Ne6 23.Rxe6 Rxe6  1/2-1/2

[Event "Victor Ciocaltea Mem"]
[Site "Bucharest ROM"]
[Date "2006.03.18"]
[Round "11"]
[White "Ionescu,M"]
[Black "Pap,M"]
[Result "0-1"]
[WhiteElo "2389"]
[BlackElo "2402"]

1.Nf3 c5 2.c4 Nf6 3.Nc3 e6 4.e4 d6 5.d4 cxd4 6.Nxd4 Be7 7.Be2 O-O 8.O-O a6
9.Be3 Qc7 10.g4 h6 11.f4 Nc6 12.Nxc6 bxc6 13.Rc1 Rb8 14.b3 Nd7 15.Na4 c5
16.Nc3 Bb7 17.Bf3 Rbd8 18.Qe1 Rde8 19.Rd1 Bf6 20.Qd2 Bxc3 21.Qxc3 Rd8 22.Bf2 Nb8
23.Bh4 Rd7 24.f5 Nc6 25.f6 Nd4 26.fxg7 Kxg7 27.Bg2 f6 28.Qe3 Rdf7 29.Bg3 e5
30.Rd2 Bc8 31.h3 Qe7 32.Rdf2 Be6 33.Kh2 Qd7 34.Bh4 Kg6 35.Bh1 a5 36.Rg1 a4
37.Rb2 Kh7 38.Be1 axb3 39.axb3 Rg8 40.Bf3 Rg6 41.Bd1 Rfg7 42.Rf1 Qa7 43.Bh4 Rf7
44.Rbf2 Kg7 45.Qc3 Qa8 46.Qe3 Qa3 47.Qc3 Bd7 48.Qe3 Ne6 49.Qd3 Qa6 50.Rd2 Nd4
51.Bf2 Bc6 52.Re1 Qb6 53.Rb2 Ra7 54.b4 cxb4 55.Bf3 Qc5 56.Bg2 Ra3 57.Qd2 Rc3
58.Reb1 Rxc4 59.Rxb4 Rc2 60.Bxd4 Rxd2 61.Bxc5 dxc5 62.Rc4 h5 63.Kg3 f5 64.Rxc5 Rxg2+
65.Kxg2 Bxe4+ 66.Kf2 Bxb1 67.gxf5 Rf6  0-1

[Event "TCh-HUN 2005-6"]
[Site "Hungary HUN"]
[Date "2006.03.19"]
[Round "9"]
[White "Popovics,A"]
[Black "Varadi,V"]
[Result "1/2-1/2"]
[WhiteElo "2418"]
[BlackElo "2381"]

1.c4 Nf6 2.Nc3 c5 3.Nf3 d5 4.cxd5 Nxd5 5.d4 Nxc3 6.bxc3 g6 7.e3 Bg7 8.Bc4 O-O
9.O-O Qc7 10.Qe2 Nd7 11.e4 e5 12.Be3 b6 13.Bd5 Bb7 14.Bxb7 Qxb7 15.d5 Nf6
16.Nd2 Ne8 17.Rab1 Rc8 18.Nc4 Qa6 19.Rfe1 Qa4 20.Rxb6 axb6 21.Nxb6 Qa7 22.Nxc8 Qb7
23.Bxc5 Qxc8 24.Bxf8 Bxf8 25.Qb2 Qc4 26.Qb3 Qd3 27.Re3 Qd2 28.g3 Bc5 29.Rf3 Nd6
30.Kg2 Kg7 31.Qb8 Qxa2 32.Qc7 Qc4 33.g4 g5 34.Qe7 Qxe4 35.Qxg5+ Kf8 36.Qd8+ Kg7
37.Qg5+ Kf8 38.Qd8+ Kg7 39.c4 Qxc4 40.Qf6+ Kf8 41.Qh8+ Ke7 42.Qxe5+ Kd7 43.Rf4 Qd3
44.Rf6 Qd2 45.h4 Qd1 46.Qg5 Qd3 47.Rf3 Qe4 48.h5 Bd4 49.Qf4 Qxd5 50.g5 Be5
51.Qg4+ Ke7 52.Kh3 Ne4 53.Qf5 Nd6 54.Qg4 Ne4 55.Qf5 Nd6 56.Qg4 Ne4 57.Qf5  1/2-1/2

[Event "TCh-HUN 2005-6"]
[Site "Hungary HUN"]
[Date "2006.03.19"]
[Round "9"]
[White "Szalai,K"]
[Black "Rovid,K"]
[Result "1-0"]
[WhiteElo "2306"]
[BlackElo "2334"]

1.c4 Nf6 2.Nc3 c5 3.Nf3 d5 4.cxd5 Nxd5 5.e3 Nc6 6.d4 cxd4 7.exd4 e6 8.Bc4 Be7
9.O-O O-O 10.Re1 Nxc3 11.bxc3 b6 12.Bd3 Bb7 13.h4 Rc8 14.Ng5 Bxg5 15.hxg5 Ne7
16.Bd2 Qd5 17.Qg4 Rfd8 18.a4 Qd7 19.Re3 Ng6 20.Rh3 Nf8 21.Bxh7+ Nxh7 22.Qh4 Qd5
23.Qxh7+ Kf8 24.Rf3 Qd7 25.Bc1 Bxf3 26.Ba3+ Rc5 27.dxc5  1-0

[Event "TCh-AUT 2005-6"]
[Site "Austria AUT"]
[Date "2006.03.23"]
[Round "8"]
[White "Schlosser,P"]
[Black "Ftacnik,L"]
[Result "1/2-1/2"]
[WhiteElo "2560"]
[BlackElo "2606"]

1.Nf3 Nf6 2.c4 c5 3.Nc3 e6 4.d4 cxd4 5.Nxd4 Nc6 6.g3 Qb6 7.Ndb5 Bc5 8.Nd6+ Ke7
9.Nde4 Nxe4 10.Nxe4 Bb4+ 11.Bd2 d5 12.cxd5 exd5 13.Nc3 Be6 14.Bg2 Rhd8 15.O-O Kf8
16.Rc1 Be7 17.Na4 Qb5 18.Nc3 Qa6 19.Qa4 Qxa4 20.Nxa4 Rac8 21.Rfd1 Bg4 22.Kf1 Nd4
23.f3 Be6 24.f4 Nf5 25.Rxc8 Rxc8 26.Nc3 d4 27.Nd5 Rc2 28.Nxe7 Kxe7 29.g4 Ne3+
30.Bxe3 dxe3 31.Bf3 f5 32.Rd3 fxg4 33.Bxb7 Rxb2 34.Be4 Bxa2 35.Rxe3 Rb3 36.Bd3+ Kf6
37.Re5 Bb1 38.Bxb1 Rxb1+ 39.Kf2 Rb3 40.Ra5 Rh3 41.Rxa7 g6 42.e4 Rf3+ 43.Kg2 Rxf4
44.Rxh7 Rxe4 45.Ra7 Kg5 46.Ra2 Kh4 47.Rb2 Ra4 48.Rc2 Ra3  1/2-1/2

[Event "22nd Spring Festival Open"]
[Site "Budapest HUN"]
[Date "2006.03.24"]
[Round "2"]
[White "Szirmai,Ed"]
[Black "Bednay,B"]
[Result "1/2-1/2"]
[WhiteElo "2139"]
[BlackElo "2231"]

1.Nf3 Nf6 2.c4 e6 3.Nc3 c5 4.e3 Nc6 5.d4 cxd4 6.exd4 d5 7.Bd3 Be7 8.O-O O-O
9.b3 b6 10.Re1 Bb7 11.cxd5 Nxd5 12.Nxd5 Qxd5 13.Be4 Qd7 14.Bb2 Rfd8 15.Rc1 Rac8
16.Qd3 h6 17.Qe3 Bf8 18.Rcd1 Nb4 19.Ne5 Qe7 20.Bb1 Qg5 21.Qh3 Rc7 22.Bc1 Qf6
23.Ng4 Qe7 24.Bxh6 gxh6 25.Nxh6+ Bxh6 26.Qxh6 f6 27.Re3 Qf8 28.Rg3+ Rg7 29.Bg6 Rdd7
30.a3 Nc6 31.Rdd3 Qxa3 32.h3 Qf8 33.Rdf3 Nxd4 34.Bh7+ Kh8 35.Be4+ Kg8  1/2-1/2

[Event "ch-ARG s/f"]
[Site "Buenos Aires ARG"]
[Date "2006.03.24"]
[Round "4"]
[White "Quiroga,S"]
[Black "Giardelli,S"]
[Result "0-1"]
[WhiteElo "2300"]
[BlackElo "2418"]

1.c4 Nf6 2.Nc3 c5 3.Nf3 b6 4.e3 g6 5.d4 Bg7 6.Bd3 O-O 7.O-O cxd4 8.exd4 d5
9.cxd5 Bb7 10.Qb3 Na6 11.Ne5 Nc7 12.Bd2 Ncxd5 13.Rfe1 Rc8 14.Rad1 Qd6 15.a3 Rfd8
16.Bg5 Rf8 17.Bd2 e6 18.Bc1 Qc7 19.Bd2 Rfd8 20.Rc1 Qb8 21.Rcd1 a6 22.Bg5 Nxc3
23.bxc3 Qc7 24.Rc1 b5 25.a4 Bd5 26.Qd1 h6 27.Bd2 Qb7 28.f3 Ne8 29.axb5 axb5
30.Rb1 Nd6 31.Qe2 Qa7 32.Kh1 Nc4 33.Ra1 Qc7 34.Nxc4 Bxc4 35.Bxc4 bxc4 36.Ra4 Rd5
37.Rea1 e5 38.dxe5 Rxe5 39.Qf1 Rd5 40.Be1 Rd3 41.Qe2 Bxc3 42.Bxc3 Rxc3 43.h3 Rd3
44.Rc1 Qd6  0-1

[Event "TCh-AUT 2005-6"]
[Site "Austria AUT"]
[Date "2006.03.25"]
[Round "10"]
[White "Bunzmann,D"]
[Black "Stangl,M"]
[Result "1-0"]
[WhiteElo "2537"]
[BlackElo "2469"]

1.c4 c5 2.Nc3 Nf6 3.Nf3 e6 4.g3 b6 5.Bg2 Bb7 6.O-O a6 7.Re1 d5 8.cxd5 Nxd5
9.Nxd5 Qxd5 10.e4 Qd8 11.d4 cxd4 12.Nxd4 Be7 13.Be3 O-O 14.Rc1 b5 15.Qb3 Bf6
16.Red1 Qe7 17.Nf3 Bxe4 18.Bc5 Qb7 19.Bxf8 Kxf8 20.Qb4+ Ke8 21.a4 Ra7 22.axb5 axb5
23.Rc5 Bc6 24.Nd4 Ra4 25.Nxc6 Rxb4 26.Nxb4  1-0

[Event "TCh-AUT 2005-6"]
[Site "Austria AUT"]
[Date "2006.03.25"]
[Round "10"]
[White "Kleissl,H"]
[Black "Kaspret,G"]
[Result "1/2-1/2"]
[WhiteElo "2299"]
[BlackElo "2295"]

1.Nf3 c5 2.c4 Nf6 3.Nc3 g6 4.g3 Nc6 5.d4 cxd4 6.Nxd4 d6 7.Bg2 Bd7 8.O-O Bg7
9.Nc2 O-O 10.e4 Qa5 11.Ne3 Rfc8 12.Bd2 Qd8 13.b3 a6 14.Ned5 Nxd5 15.exd5 Nd4
16.Rc1 b5 17.Ne4 bxc4 18.bxc4 h5 19.Bg5 Nf5 20.h3 Qf8 21.c5 dxc5 22.Nxc5 Bb5
23.Re1 Ra7 24.a4 Be8 25.g4 hxg4 26.hxg4 Bh6 27.Bxh6 Nxh6 28.d6 exd6 29.Ne4 Rxc1
30.Nf6+ Kg7 31.Qxc1 Re7 32.g5 Ng8 33.Be4 Re5 34.f4 Rc5 35.Qb2 Nxf6 36.Qxf6+ Kg8
37.Re3 d5 38.Bd3 Rc6 39.Qd4 Bd7  1/2-1/2

[Event "TCh-CZE Extraliga 2005-6"]
[Site "Czech Rep CZE"]
[Date "2006.03.26"]
[Round "11"]
[White "Pesout,J"]
[Black "Vymazal,B"]
[Result "0-1"]
[WhiteElo "2253"]
[BlackElo "2265"]

1.Nf3 Nf6 2.c4 e6 3.Nc3 c5 4.e3 d6 5.d4 Nbd7 6.Be2 b6 7.O-O Bb7 8.Qc2 Rc8
9.b3 Qc7 10.Bb2 Qb8 11.Rfd1 cxd4 12.Nxd4 Be7 13.Rac1 Ne5 14.e4 O-O 15.Nf3 Ng6
16.Nd2 Qa8 17.Qb1 Rfd8 18.Bf1 Nd7 19.g3 Bf6 20.Bg2 a6 21.f3 h5 22.Nf1 Nde5
23.f4 Nc6 24.h4 Nd4 25.Rd2 b5 26.cxb5 axb5 27.Kh2 b4 28.Ne2 Nxe2 29.Rxe2 Rxc1
30.Bxc1 Bc3 31.Ne3 d5 32.exd5 exd5 33.Nd1 d4 34.Bxb7 Qxb7 35.Qd3 Qb6 36.Nb2 Qf6
37.Nc4 Nf8 38.Re5 Qg6 39.f5 Qa6 40.a4 bxa3 41.Bxa3 Rb8 42.Bd6 Rd8 43.Ba3 Nh7
44.Re2 Nf6 45.Bb2 Ng4+ 46.Kg2 Qb7+ 47.Kg1 Qxb3 48.Bxc3 Qxc3 49.Qxc3 dxc3
50.Rc2 Rd3 51.Kg2 Rd4  0-1

[Event "It"]
[Site "Frascati ITA"]
[Date "2006.03.30"]
[Round "6"]
[White "Damljanovic,B"]
[Black "Kasparov,S"]
[Result "1/2-1/2"]
[WhiteElo "2615"]
[BlackElo "2491"]

1.c4 c5 2.Nf3 Nf6 3.Nc3 e6 4.g3 b6 5.Bg2 Bb7 6.O-O d6 7.Re1 Be7 8.e4 Nbd7
9.d4 cxd4 10.Nxd4 Qc7 11.Ndb5 Qb8 12.f4 O-O 13.Be3 a6 14.Na3 Qc7 15.Rc1 Rad8
16.Nab1 Qb8 17.Nd2 Nc5 18.Bxc5 bxc5 19.Rc2 Nd7  1/2-1/2

[Event "TCh-FRA Top 16 Gp B"]
[Site "Gonfreville FRA"]
[Date "2006.03.31"]
[Round "5"]
[White "Eliet,N"]
[Black "Heinz,Ti"]
[Result "1/2-1/2"]
[WhiteElo "2434"]
[BlackElo "2261"]

1.Nf3 Nf6 2.c4 c5 3.Nc3 d5 4.cxd5 Nxd5 5.e3 e6 6.d4 Nc6 7.Bc4 Nxc3 8.bxc3 Be7
9.O-O O-O 10.Qe2 b6 11.Rd1 Qc7 12.Bb2 Bb7 13.Rac1 Rad8 14.Bd3 Rfe8 15.e4 Qb8
16.Bb5 Bf6 17.Ba3 a6 18.Bxc6 Bxc6 19.Rb1 cxd4 20.cxd4 Bxd4 21.Nxd4 Qb7 22.f3 Bb5
23.Qf2 Bc4 24.Rd2 b5 25.Bc5 Qc6 26.a3 Rc8 27.Qe3 Red8 28.Rbd1 Rd7 29.h4 h6
30.h5 e5 31.Bb4 exd4 32.Rxd4 Rcd8 33.Rxd7 Rxd7 34.Rxd7 Qxd7 35.Qc5 Qd1+ 36.Kh2 Qc1
37.Qc8+ Kh7 38.Qf5+ Kg8 39.Qc8+ Kh7 40.Qf5+ Kg8 41.Qe5 Qg5 42.Qxg5 hxg5 43.e5 Be6
44.Be7 g4 45.f4 Kh7 46.Kg3  1/2-1/2

[Event "VIII Rector Cup"]
[Site "Kharkiv UKR"]
[Date "2006.03.31"]
[Round "5"]
[White "Zubarev,Al1"]
[Black "Kovchan,A"]
[Result "1/2-1/2"]
[WhiteElo "2508"]
[BlackElo "2513"]

1.Nf3 Nf6 2.c4 c5 3.Nc3 g6 4.e4 d6 5.d4 cxd4 6.Nxd4 Bg7 7.Be2 O-O 8.O-O Nc6
9.Be3 Bd7 10.Qd2 Nxd4 11.Bxd4 Bc6 12.Bd3 a5  1/2-1/2

[Event "43rd ch-IND"]
[Site "Visakhapatnam IND"]
[Date "2006.04.07"]
[Round "7"]
[White "Kamble,V"]
[Black "Gupta,Ab"]
[Result "1-0"]
[WhiteElo "2403"]
[BlackElo "2434"]

1.Nf3 Nf6 2.c4 c5 3.Nc3 d5 4.cxd5 Nxd5 5.d4 Nxc3 6.bxc3 g6 7.e3 Bg7 8.Bd3 O-O
9.O-O Nc6 10.Ba3 cxd4 11.cxd4 Qa5 12.Qc1 Bg4 13.Rb1 Rfc8 14.Rb5 Qd8 15.Qd1 Rab8
16.h3 Bd7 17.Qd2 a6 18.Rbb1 b5 19.Bc5 Be8 20.Rfc1 e5 21.Be4 f5 22.Bc2 Kh8
23.Bb3 e4 24.Ne1 Na5 25.Bb4 Nxb3 26.axb3 Bf7 27.Ba5 Qd7 28.Nc2 h6 29.Nb4 Rxc1+
30.Rxc1 Rc8 31.Nxa6 Rxc1+ 32.Qxc1 Bxb3 33.Nc5 Qd5 34.Nxb3 Qxb3 35.Qc8+ Kh7
36.Qb7 Kg8 37.Bd8 Bf8 38.Qc6 Qf7 39.Qxb5 Qe6 40.Bc7 Kf7 41.d5 Qf6 42.Qb7 Kg8
43.Qc8 Kf7 44.Bb8 Qa1+ 45.Kh2 Qf6 46.Qc7+ Kg8 47.Qd7 Qf7 48.Qd8 Qe7 49.Qc8 Kf7
50.g3 Qf6 51.Qc7+ Kg8 52.Qb7 Qc3 53.Kg2 Qb4 54.Qc8 Kh7 55.Qd7+ Kg8 56.Qe6+ Kh7
57.Qf7+ Bg7 58.Be5 Qf8 59.Qxf8 Bxf8 60.d6 Kg8 61.d7 Be7 62.Bc7  1-0

[Event "4th V.Nabokov Mem"]
[Site "Kyiv UKR"]
[Date "2006.04.10"]
[Round "9"]
[White "Pavlov,S2"]
[Black "Khamitskiy,S"]
[Result "1/2-1/2"]
[WhiteElo "2451"]
[BlackElo "2201"]

1.Nf3 Nf6 2.c4 c5 3.Nc3 d5 4.cxd5 Nxd5 5.d4 cxd4 6.Qxd4 Nxc3 7.Qxc3 Nc6 8.e4 e6
9.Bb5 Bd7 10.O-O Qb6 11.a4 Qc5 12.Qd3 Qd6 13.Qe2 Rd8 14.Bg5 Be7 15.Rfd1 Qb4
16.Bxc6 Bxc6 17.Rxd8+ Bxd8 18.Bxd8 Kxd8 19.Ne5 Ke7 20.Qh5 Be8 21.Qg5+ Kf8
22.Qd8 f6 23.Nf3 Qxe4 24.Qd6+ Kf7 25.Qc7+ Kg6 26.Qg3+ Kf7 27.Qc7+ Kg6 28.Qg3+ Kf7
29.Qc7+  1/2-1/2

[Event "FSIM April"]
[Site "Budapest HUN"]
[Date "2006.04.13"]
[Round "13"]
[White "Nguyen Huynh Minh H"]
[Black "Fodor,T jr"]
[Result "0-1"]
[WhiteElo "2294"]
[BlackElo "2383"]

1.Nf3 Nf6 2.c4 c5 3.Nc3 d5 4.cxd5 Nxd5 5.g3 Nc6 6.Bg2 Nc7 7.O-O e5 8.d3 Be7
9.b3 Be6 10.Bb2 O-O 11.Rc1 f6 12.Qc2 Rc8 13.Qb1 Qd7 14.Rfe1 Rfd8 15.Rcd1 b5
16.Ne4 a5 17.e3 Bg4 18.Rd2 Ne6 19.Rc1 b4 20.d4 cxd4 21.exd4 Bxf3 22.d5 Bxe4
23.Bxe4 Ng5 24.Bf5 Nf3+ 25.Kg2 Nxd2 26.Qd3 e4 27.Bxd7 exd3  0-1

[Event "17th Pobeskydi Radegast Cup"]
[Site "Frydek Mistek CZE"]
[Date "2006.04.13"]
[Round "1"]
[White "Schwarz,Du"]
[Black "Heczko,M"]
[Result "1-0"]
[WhiteElo "2300"]
[BlackElo "1970"]

1.Nf3 Nf6 2.c4 c5 3.Nc3 e6 4.g3 Nc6 5.Bg2 d5 6.cxd5 exd5 7.d4 c4 8.O-O Be7
9.Ne5 O-O 10.Nxc6 bxc6 11.e4 Be6 12.e5 Ne8 13.b3 cxb3 14.Qxb3 Rb8 15.Qa4 Qd7
16.Ba3 Bxa3 17.Qxa3 f6 18.f4 g6 19.Na4 Ng7 20.Nc5 Qe7 21.Rfe1 Bf5 22.Rad1 Rb5
23.exf6 Qxf6 24.Qxa7 Rb4 25.Re5 g5 26.fxg5 Qxg5 27.Qa3 Rfb8 28.Bf1 Qg4 29.Be2 Qh3
30.Na6 Be4 31.Rxe4 dxe4 32.Nxb4 Qh6 33.Nc2 Nf5 34.Rf1 Qh3 35.Qc1 e3 36.Nxe3 Nxg3
37.hxg3 Qxg3+ 38.Ng2 Re8 39.Bc4+ Kh8 40.Qh6 Qg7 41.Qxg7+ Kxg7 42.Rf7+ Kg6
43.Nf4+ Kh6 44.Ne6 c5 45.Rf6+  1-0

[Event "Open NOR-ch"]
[Site "Oslo NOR"]
[Date "2006.04.13"]
[Round "6"]
[White "Paschall,W"]
[Black "Carlsen,H"]
[Result "1-0"]
[WhiteElo "2352"]
[BlackElo "2062"]

1.Nf3 c5 2.c4 Nf6 3.Nc3 g6 4.e4 Nc6 5.d4 cxd4 6.Nxd4 d6 7.Be2 Bg7 8.Be3 O-O
9.O-O Bd7 10.Qd2 Rc8 11.Rac1 a6 12.Nc2 Ne5 13.b3 b5 14.cxb5 Rxc3 15.Qxc3 Nxe4
16.Qe1 Bxb5 17.Bxb5 axb5 18.Nb4 Qa8 19.Qe2 h5 20.Qxb5 Rb8 21.Qd5 Ng4 22.Nc6 Nef6
23.Nxe7+ Kh7 24.Qxa8 Rxa8 25.Bd4 Rxa2 26.Ra1 Rd2 27.Rad1 Rc2 28.Rc1 Rd2 29.Rfd1 Re2
30.Re1 Rd2 31.Rcd1 Rc2 32.h3 Nh6 33.b4 Nf5 34.Nxf5 gxf5 35.b5 Ne4 36.Bxg7 Kxg7
37.b6 Nxf2 38.b7 Rb2 39.Rb1  1-0

[Event "Open NOR-ch"]
[Site "Oslo NOR"]
[Date "2006.04.14"]
[Round "7"]
[White "Krivonosov,O"]
[Black "Dannevig,O"]
[Result "1/2-1/2"]
[WhiteElo "2432"]
[BlackElo "2329"]

1.Nf3 c5 2.c4 Nf6 3.Nc3 e6 4.g3 b6 5.Bg2 Bb7 6.O-O a6 7.d4 cxd4 8.Qxd4 d6
9.Rd1 Nbd7 10.Ng5 Bxg2 11.Kxg2 Rc8 12.Nge4 Rc6 13.Bg5 Be7 14.Nxf6+ Bxf6 15.Bxf6 Nxf6
16.Ne4 Nxe4 17.Qxe4 Qc7 18.a4 O-O 19.b3 Rb8 20.Rd3 h6 21.h4 Rc5 22.Rad1 Rd8
23.Qf4 Rc6 24.e4 b5 25.cxb5 axb5 26.axb5 Rb6 27.Rc1 Qe7 28.Rc6 Rxb5 29.Rcxd6 Rxd6
30.Qxd6 Qxd6 31.Rxd6  1/2-1/2

[Event "43rd ch-IND"]
[Site "Visakhapatnam IND"]
[Date "2006.04.14"]
[Round "16"]
[White "Himanshu,Sh"]
[Black "Venkatesh,M"]
[Result "0-1"]
[WhiteElo "2411"]
[BlackElo "2438"]

1.Nf3 c5 2.c4 Nf6 3.Nc3 e6 4.e4 Nc6 5.d3 d5 6.exd5 exd5 7.Bg5 d4 8.Nd5 Be7
9.Nxe7 Qxe7+ 10.Qe2 Be6 11.g3 h6 12.Bd2 O-O 13.Bg2 Rfe8 14.O-O-O Qc7 15.Qf1 Qb6
16.Bh3 Qa6 17.Kb1 Ng4 18.Re1 Bd7 19.Rxe8+ Rxe8 20.Ne1 b5 21.f3 bxc4 22.dxc4 Bf5+
23.Ka1 Ne3 24.Bxe3 Nb4 25.a3 Bxh3 26.Qxh3 Rxe3 27.Kb1 Qg6+  0-1

[Event "17th Pobeskydi Radegast Cup"]
[Site "Frydek Mistek CZE"]
[Date "2006.04.16"]
[Round "8"]
[White "Schwarz,Du"]
[Black "Rychlik,H"]
[Result "0-1"]
[WhiteElo "2300"]
[BlackElo "1996"]

1.Nf3 Nf6 2.c4 e6 3.Nc3 c5 4.g3 b6 5.Bg2 Bb7 6.O-O a6 7.Re1 Qc7 8.e4 d6 9.d4 cxd4
10.Nxd4 Be7 11.Be3 O-O 12.Rc1 Nbd7 13.f4 Rac8 14.f5 e5 15.Nd5 Qd8 16.Ne2 b5
17.cxb5 Bxd5 18.exd5 Rxc1 19.Nxc1 axb5 20.Nd3 Qa5 21.a3 Bd8 22.Kh1 Bb6 23.Bd2 Qa8
24.Nb4 Re8 25.Qe2 Bd4 26.Bc1 Qa4 27.g4 Nc5 28.g5 Nfd7 29.Rf1 Nb3 30.g6 Nxc1
31.gxf7+ Kxf7 32.Rxc1 Nf6 33.Rc7+ Re7 34.Rc2 Bb6 35.Bf3 Rc7 36.Nc6 Kf8 37.Bg2 Qg4
38.Qf1 e4 39.h3 Qh5 40.Rc1 Ng4 41.Qf4 Nf2+ 42.Kh2 Qh6 43.Qxh6 gxh6 44.Bf1 Rg7
45.Re1 Rg5 46.Bxb5 Rxf5 47.Bc4 Rh5 48.a4 Nxh3 49.Rf1+ Nf2+ 50.Kg3 Rg5+ 51.Kh4 Be3
52.Be2 Rg2 53.a5 Bg5+  0-1